000 01277njm a22002537a 4500
005 20100907133445.0
007 sd ammalaaahaa
008 100907t xxu||||| |||| 00| 0 hin d
028 _aN. 53864
_bHis Master Voice
035 _aGR-00962
040 _aSED/VEN
100 _aMangeshkar, Lata
_91184
245 _aChar diwari :
_bHindustani /
_cby Lata Mangeshkar ; music by Salil Chaudhury ; lyric by Shailendra
_h[sound recording] :
246 _aचार दिवारी (लता मंगेशकर )
260 _aDum Dum India
_bHis Master Voice
300 _a1 sound disc [Gramophone record] :
_banalog, 33 1/3 rpm
_c10 in.
500 _aBrief Record
505 _aAkela tujhe jane na dungi part 1 (Char diwari) (Lata Mangeshkar) अकेला तुझे जाने न दूंगी पार्ट १ (चार दिवारी ) (लता मंगेशकर )Kaise manayun piawa part 2 (char diwari) (Mukesh) कैसे मनायुं पिअवा पार्ट २ (मुकेश)
650 _aClassical Music
_xExcerpts
_zIndia
_918740
700 _aChowdhury, Sail
_918741
700 _aShailendra
_918742
942 _2ddc
_cBN
999 _c44227
_d44227